000 00572nam a2200193Ia 4500
005 20260114185713.0
008 008 260114s9999 xx 000 0 eng d
020 _a9780755623266
037 _aEBOOK
040 _aCRL
_beng
_cCRL
041 _aeng
_2eng
084 _qCRL
100 _aJeremy Burchardt
_9873350
245 0 _aParadise Lost Rural Idyll and Social Change Since 1800
260 _bBloomsbury
_c2002
856 _uhttps://doi.org/10.5040/9780755623266?locatt=label:secondary_bloomsburyCollections
942 _cEBOOK
999 _c1472298
_d1472298